000 00260nam a2200109 a 4500
005 20140513081051.0
008 020606s19uu xx 00 eng d
050 _aP 646.7
_bGRO
245 _aGrooming for school/.
650 _aGrooming--Poster
999 _c116313
_d116313